A growing profession (Record no. 80714)

MARC details
000 -LEADER
fixed length control field 00878cab a22002055a 4500
001 - CONTROL NUMBER
control field L145122
008 - FIXED-LENGTH DATA ELEMENTS--GENERAL INFORMATION
fixed length control field 080909e20080906xxka 000 0 eng d
035 ## - SYSTEM CONTROL NUMBER
System control number (Sirsi) u145122
041 0# - LANGUAGE CODE
Language code of text/sound track or separate title eng
100 1# - MAIN ENTRY--PERSONAL NAME
Personal name James, Gareth
245 02 - TITLE STATEMENT
Title A growing profession
260 ## - PUBLICATION, DISTRIBUTION, ETC.
Date of publication, distribution, etc. 2008
490 ## - SERIES STATEMENT
Series statement Estates Gazette
Volume/sequential designation (0835) 6 September 2008, 134-136(3)
520 ## - SUMMARY, ETC.
Summary, etc. Discusses energy performance certification and the role of the assessor. Covers topics including levels of expertise; software packages and the key steps in producing a report.
650 24 - SUBJECT ADDED ENTRY--TOPICAL TERM
Topical term or geographic name entry element ENERGY PERFORMANCE CERTIFICATES
650 24 - SUBJECT ADDED ENTRY--TOPICAL TERM
Topical term or geographic name entry element ENERGY PERFORMANCE OF BUILDINGS (CERTIFICATES AND INSPECTIONS) (ENGLAND AND WALES) REGULATIONS 2007
651 #4 - SUBJECT ADDED ENTRY--GEOGRAPHIC NAME
Geographic name England and Wales
Chronological subdivision 1543-
690 ## - LOCAL SUBJECT ADDED ENTRY--TOPICAL TERM (OCLC, RLIN)
Topical term or geographic name as entry element CAREERS, EDUCATION AND TRAINING-RICS ACCREDITATION AND CERTIFICATION SCHEMES-ENERGY PERFORMANCE OF BUILDINGS
942 ## - ADDED ENTRY ELEMENTS (KOHA)
Suppress in OPAC 0
Holdings
Withdrawn status Lost status Source of classification or shelving scheme Damaged status Not for loan Home library Current library Shelving location Date acquired Total Checkouts Full call number Barcode Date last seen Copy number Price effective from Koha item type
    Dewey Decimal Classification     London London Journal article 09/09/2008   L145122 145122-1001 06/08/2019 1 06/08/2019 Journal article